000 00717nam a2200241Ia 4500
003 OSt
005 20220925231707.0
006 a|||||r|||| 00| 0
007 ta
008 220923b |||||||| |||| 00| 0 eng d
037 _cGeneral Book
040 _aRTL
_cRTL
_beng
041 _2eng
_aeng
082 _aX9(M71):533.20k3163.M5, L2
100 _aHarnetty Peter
245 0 _aImperialism and free trade
_b Lancashire and India
260 _aManchester
_bUniversity Press
_c1972
300 _aix,137p.
_ccm.
500 _aBib p. 127-33
650 _aCotton Industry
_9229873
942 _hX9(M71):533.20k3163.M5, L2
_cGB
_2CC
999 _c589163
_d589163